Incorrect countries in Yakko's World - Statistics

General Stats
  • This quiz has been taken 125 times
  • The average score is 20 of 33
Answer Stats
Hint Answer % Correct
Territory Puerto Rico
82%
Territory Guam
80%
City San Juan
79%
Continent Asia
78%
Dissolved nation Czechoslovakia
78%
Territory Greenland
76%
Sea Caribbean
75%
Island Borneo
67%
Outdated name Burma
67%
Territory French Guiana
67%
Part of a larger union/country Scotland
67%
Dissolved nation Yugoslavia
67%
Outdated name Zaire
64%
City Algiers
63%
Incorrect name Korea
63%
Part of a larger union/country England
62%
Island Sumatra
62%
Region Tibet
62%
City Abu Dhabi
61%
Territory Bermuda
59%
Outdated name Dahomey
59%
Region Transylvania
58%
Territory Cayman (Islands)
57%
Outdated name Kampuchea
57%
Island Tobago
57%
Island Crete
55%
Region/Unrecognised Nation Hong Kong
53%
Incorrect name/Dissolved nations Both Yemens
51%
Island New Guinea
50%
Outdated name Swaziland
47%
Territory Mayotte
45%
Incorrect name Republic Dominican
42%
Archipelago Philippine Islands
33%
No matching quizzes found
Score Distribution
Percent of People with Each Score
Percentile by Number Answered
Your Score History
You have not taken this quiz